000 00305nam a22001337a 4500
008 170922b xxu||||| |||| 00| 0 eng d
020 _a9780195123777
041 _aeng
080 _a37
100 _a46
101 _aEDU
245 _aTHE WRITING TEACHER'S SOURCEBOOK
_cCORBETT, E.P.J
942 _2udc
_cBK
999 _c28976
_d28976